| 000 | 00418pab a2200169 454500 | ||
|---|---|---|---|
| 008 | 180718b1998 xxu||||| |||| 00| 0 eng d | ||
| 100 | _aChakravarty, Manjula | ||
| 245 | _aEconomic reforms: for or against women? | ||
| 260 | _c1998 | ||
| 300 | _ap.3-5 | ||
| 362 | _aApr | ||
| 650 | _aWomen - India | ||
| 650 | _aEconomic reform - India | ||
| 650 | _aEconomic reform | ||
| 773 | _aSocial Welfare | ||
| 909 | _a37304 | ||
| 999 |
_c37304 _d37304 |
||